LEADER 01157nam a2200301 i 4500 001 000000136825 003 CaOOAMICUS 005 20230328160606.0 008 050401s1998 it u000 u ita u 020 $a88-200-2733-X 040 $aSeMil$bita 100 1 $aWest, Morris,$d<1916-1999>.$0(OLS)http://semarc/name/39157 240 10$aEminence.$0(OLS)http://semarc/title/443302 245 10$aEminenza /$cMorris West ; traduzione di Linda De Angelis. 264 1$aMilano :$bSperling & Kupfer,$c1998. 300 $a353 p. ;$c22 cm. 490 1 $aNarrativa 541 0 $aFondo card. C.M. Martini (1T II 96) 700 1 $aDe Angelis, Linda.$0(OLS)http://semarc/name/24526 830 0$aNarrativa.$0(OLS)http://semarc/title/423394 850 $aSeMil 852 $aSeMil$W1$xVenegono$y1$m1T II 96$j239003$B90408$CSeMilBibl$Z2$F95256 $81 941 1 $a4 961 $aOmaggio: Martini Card. Carlo Maria 996 $6020$a88-200-2733-X$9(OLS)http://semarc/number/124418 996 $6245$aEminenza$9(OLS)http://semarc/title/199926 996 $6264$aMilano :$bSperling & Kupfer$9(OLS)http://semarc/publisher/31721 LEADER 01364nam a2200313 4500 001 000000350202 003 CaOOAMICUS 005 20250318143306.0 008 220505s1992 it 000 u ita r 020 $a88-11-58021-8 040 $aSeMil$bita 100 1 $aMaupassant, Guy : de,$d<1850-1893>.$0(OLS)http://semarc/name/8910 240 10$aBel-Ami.$0(OLS)http://semarc/title/139154 245 10$aBel-Ami /$cGuy de Maupassant ; introduzione di Mario Picchi ; traduzione di Giorgio Caproni. 250 $a14. ed 264 3$aMilano :$bGarzanti,$c1992. 300 $aXXIII, 318 p. ;$c19 cm 490 1 $aI grandi libri Garzanti ;$v21 700 1 $aPicchi, Mario,$d<1927-1996>.$0(OLS)http://semarc/name/115838 700 1 $aCaproni, Giorgio,$d<1912-1990>.$0(OLS)http://semarc/name/31423 830 2$aI grandi libri Garzanti ;$v21.$0(OLS)http://semarc/title/9892 850 $aSeMil 852 $aSeMil$W1$xVenegono$y1$m1V III 334$j233007$B241221$CSeMilBibl$Z2$F241221 $81 961 $aPontiggia don Virginio - Omaggio 961 $aVolume con evidenti e diffuse sottolineature e/o annotazioni (a matita, a penna) 996 $6020$a88-11-58021-8$9(OLS)http://semarc/number/295820 996 $6245$aBel-Ami$9(OLS)http://semarc/title/246651 996 $6264$aMilano :$bGarzanti$9(OLS)http://semarc/publisher/29852